Spanish Verbs - Statistics

General Stats
  • This quiz has been taken 32 times
  • The average score is 8 of 10
Answer Stats
Spanish English % Correct
Jugando Playing
100%
Escribiendo Writing
100%
Hablando Talking
97%
Llamando Calling
93%
Comiendo Eating
93%
Corriendo Running
93%
Caminando Walking
87%
Leyendo Reading
70%
Saltando Jumping
53%
Agotadora Wearing
3%
No matching quizzes found
Score Distribution
Percent of People with Each Score
Percentile by Number Answered
Your Score History
You have not taken this quiz